[Event "FIDE World Cup"]
[Site "Baku"]
[Date "2015.10.01"]
[Round "7.1"]
[White "Svidler, Peter"]
[Black "Karjakin, Sergey"]
[Result "1-0"]
[WhiteElo "2727"]
[BlackElo "2762"]
[Annotator "Marin,M"]
[PlyCount "57"]
[EventDate "2015.09.11"]
[EventType "k.o."]
[EventRounds "7"]
[EventCountry "AZE"]
[SourceTitle "CBM 169"]
[Source "ChessBase"]
[SourceDate "2015.11.10"]
[SourceVersion "1"]
[SourceVersionDate "2015.11.10"]
[SourceQuality "1"]

1. Nf3 Nf6 2. g3 d5 3. Bg2 e6 ({The traditional way to meet the Reti is} 3...
c6 {but over the past years White has discovered many new ideas. As I have
found out from my own games, there is a strong trend towards the game move.})
4. O-O Be7 5. d3 $5 ({Deviating from what Karjakin must have expected, the
main Catalan line:} 5. c4 O-O 6. d4) 5... O-O 6. Nbd2 c5 7. e4 Nc6 8. Re1 {
In the remote past, the King's Indian Attack proved a deadly occasional weapon
in Fischer's hands and in the nineties it served well a whole generation of
Moldavian players.} b5 {Black's best way to meet White's slow kingside attack
is based on the massive queenside pawn storm.} ({By piece pressure alone Black
does not get much:} 8... b6 9. e5 Nd7 10. Nf1 Bb7 11. h4 Qc7 12. Bf4 Rac8 13.
N1h2 Nd4 14. Nxd4 cxd4 15. Re2 Qc5 16. Nf3 Rc7 17. a3 a5 18. Kh2 Rfc8 19. h5
Bc6 20. h6 g6 21. Qd2 Ba4 22. b3 Bb5 23. Bg5 Bf8 24. Qf4 Qc3 25. Ra2 Ba6 (25...
Bc5 26. Qg4 {[%csl Gc3][%cal Gg5d2]}) 26. Nxd4 $18 {1-0 (56) Andriasian,Z 
(2609)-Shahinyan,D (2431) Yerevan 2014}) 9. exd5 $5 ({A relatively rare
continuation. In game six Svidler switched to the thematic} 9. e5 {followed by
Nf1, h4-h5, which is clearly the main line.} Nd7 10. Nf1 b4 ({Playing with
White, Karjakin had faced} 10... Bb7 11. h4 Qc7 12. Bf4 Rfc8 13. Ne3 Qd8 14.
Ng4 Bf8 15. c4 Ne7 16. b3 Bc6 17. h5 h6 {Karjakin,S (2753)-Dominguez Perez,L 
(2734) Khanty-Mansiysk 2015 (½-½ , 30), with a solid defence.}) 11. h4 a5 12.
N1h2 Re8 13. h5 h6 14. Ng4 Bf8 15. Bf4 a4 16. a3 bxa3 17. bxa3 Rb8 18. Ne3 Bb7
19. c4 dxc4 20. Nxc4 Nb6 21. Nxb6 Qxb6 22. Qxa4 Ra8 23. Qc2 Ra6 24. Reb1 Qa7
25. Be3 Ba8 26. Qc3 Rd8 27. Nd2 Nd4 28. Bxd4 cxd4 29. Qc2 Bxg2 30. Kxg2 Rxa3
31. Rxa3 Qxa3 32. Ne4 Qa6 33. Rb3 Qa5 34. f4 Ra8 35. Qb1 Qd5 36. Rb5 Qc6 37.
Kf3 {White's space advantage and the domination of the knight over the bishop
ensures White some advantage, but with queens on board it is difficult to find
a way to make progress without weakening his own king. Karjakin's next move
"solved" this problem for White.} Ra3 $2 {Abandoning the back rank will not
have immediate consequences yet, but it will cause the exchange of queens.} 38.
Rb8 Ra8 39. Qb7 $1 Qxb7 40. Rxb7 {Carlsen,M (2861)-Karjakin,S (2780) Tata
Steel-A 75th 2013 (8) 1-0 Suddenly, the d4-pawn is weak and the white king is
ready for taking active part in the attack. This type of ending must have
raised some unpleasant memories to Karjakin, connected with the partly similar
position from} Ra3 {For the second time in a short while the rook steps on
this square hoping to get some counterplay.} (40... Rd8 {would not have saved
the pawn:} 41. g4 Ba3 42. Nd2 Bf8 43. Ke4 {White can combine the attack based
on f4-f5 with attacking the pawn with Nb3 or Nf3, with every chance to win.})
41. Rb8 $1 Rxd3+ 42. Kf2 {White threatens to win the bishop with Ne4-c5-d7 and
sadly Black does not have ...Rc3 to prevent this manoeuvre.} g6 ({Or if} 42...
Ra3 43. Nc5 Ra7 {White has} 44. Rd8 $1 {followed by Nd7, winning the exchange.}
) 43. Nc5 ({Even better would have been} 43. Nf6+ Kg7 44. hxg6 {since the
g6-pawn is untouchable:} fxg6 $2 45. Rb7+ Kh8 46. Rh7#) 43... Rd2+ 44. Ke1 Rb2
45. Rxb2 Bxc5 46. hxg6 fxg6 47. Ke2 {and White won without problems. Svidler,P
(2727)-Karjakin,S (2762) Baku 2015 (1-0, 58)}) 9... Nxd5 {Black's choice is a
mere matter of taste. The game move leads to a reversed King's Indian. The
only problem is that what could be entirely satisfactory for Black (equality)
might not be too promising when inverting colours even with an extra tempo.} (
9... exd5 10. Nb3 $5 {[%csl Gc5]} (10. d4 {does not look too threatening as it
transposes to some sort of French Isolani.} Bg4 11. h3 Bh5 12. dxc5 Bxc5 13.
Nb3 Bb6 14. a4 bxa4 15. Rxa4 Re8 16. Bg5 Rxe1+ 17. Qxe1 h6 (17... Qd6 $1 18.
Be3 $6 Re8 $15) 18. Be3 Bg6 19. c3 Bc2 $11 {Topalov,V (2772)-Caruana,F (2791)
Flor & Fjaere 2014 (1/2-1/2, 31)}) 10... Re8 11. h3 Qb6 12. c3 Bb7 13. Be3 Rad8
14. d4 c4 15. Nc5 Bc8 16. b4 cxb3 17. axb3 b4 18. cxb4 Qxb4 19. Rc1 {
Zvjaginsev,V (2655)-Lysyj,I (2686) Kazan 2014 (1-0, 37)}) 10. Ne4 (10. a4 b4
11. Nc4 Bb7 12. h4 h6 13. Bd2 Qc7 14. a5 Rad8 15. c3 Bf6 16. Qc2 {Malakhov,V 
(2694)-Matlakov,M (2689) Berlin 2015 (1/2-1/2, 26). White has a comfortable
reversed King's Indian, but no advantage.}) (10. c4 $5 {is interesting,
forcing Black to display certain tactical accuracy:} bxc4 11. dxc4 Nb6 $6 (
11... Ndb4 12. Ne5 Bb7 13. a3 Nxe5 14. Bxb7 Nbd3 15. Bxa8 Nxe1 16. Qxe1 Nd3 17.
Qe3 Nxc1 $11 18. Be4 $2 Bg5 19. f4 Bf6 $15 20. Kg2 Bxb2 21. Rb1 Bd4 22. Qf3 Na2
) 12. b3 a5 13. Bb2 a4 14. Ne5 Nxe5 15. Bxe5 Ra7 16. Ne4 $14 {Markus,R (2604)
-Kravtsiv,M (2576) Germany 2014 (0-1, 45)}) 10... Bb7 11. c3 $146 ({Finally a
novelty over} 11. Bd2 {as played in the game between lower rated players
Grossmann,S (1886)-Lindenberg,G (1889) Greifswald 2003 (0-1, 29)}) 11... a6 {
I do not see the need for defending the b5-pawn since Black will advance it on
the very next move.} (11... h6 {makes some sense, preventing Bc1-g5 and if} 12.
a4 b4 {the pawn is not really needed on a6.}) 12. a4 b4 ({Once again} 12... h6
{looks more constructive.}) 13. Bg5 $5 {A refined positional move. Black is
forced to weaken either the defence of the c5-pawn or else the e6-pawn.} f6 14.
Bd2 e5 ({The developing} 14... Qb6 {offers White some tactical ideas:} 15. a5 (
15. Bh3 $5) 15... Nxa5 16. d4 $44 {[%csl Re6][%cal Ge4c5,Gc5e6,Gf3d4,Gd4e6,
Ge1e6] Suddenly, several white pieces threaten to put unbearable pressure on
e6.}) 15. Rc1 {Zita,F-Bronstein,D Moscow-Prague 1946 (6) 0-1 The position
remains typical for a reversed ...exd4 King's Indian, but Black is slightly
underdeveloped, his queenside is weak and his queen's bishop misplaced,
belonging rather on e6 than b7. One of the first games revealing the drawbacks
of having the bishop on the long diagonal was} Rf7 {If Black could regroup
with ...Bf8 and ...Rd7 White would face certain problems with his d3-pawn, but
Svidler's answer proves this plan too slow.} ({The more natural} 15... Qd7 {
would not have yielded Black absolute safety either:} 16. cxb4 cxb4 ({With the
a2-g8 diagonal defended by the rook on f7 or the bishop on e6 Black could
react with} 16... Ndxb4 {but here this loses a pawn:} 17. Nxc5 Bxc5 18. Rxc5
Nxd3 $2 19. Qb3+ Kh8 20. Rd5 $18) 17. Nc5 Bxc5 18. Rxc5 {Black is not in
immediate danger, but his position is hanging a bit.}) 16. d4 $1 bxc3 $6 {
Karjakin must have understood perfectly that opening the b-file could cause
him problems with the b7-bishop, but thought that getting rid of the c6-knight
would bring some relief.} (16... cxd4 {offers better chances for equalising:}
17. cxd4 exd4 (17... Nxd4 {is slightly worse, even though preferable to the
game continuation:} 18. Nxd4 exd4 19. Qb3 {followed by Nc5 and the inevitable
retrieval of the d4-pawn. The b5-pawn is a good shield for the queen, but also
for the b7-bishop.}) 18. Qb3 Na5 19. Qd3 {It seems as if Black is stuck, but
the unexpected} Nc3 $3 20. Nxd4 (20. bxc3 $6 dxc3 21. Qxd8+ Rxd8 {leaves Black
with two dangerous pawns.}) 20... Nxa4 {Black's extra pawn compensates for
White's hyper-activity.}) 17. bxc3 cxd4 18. cxd4 Nxd4 (18... exd4 {does not
spare Black problems.} 19. Qb3 Rb8 (19... Qd7 20. Bh3 $1 $18) (19... Bf8 20.
Nc5 Bxc5 21. Ng5 $3 $18) 20. Nfg5 $1 {Suba,M (2500)-Solozhenkin,E (2515) Berga
op 1993 (7) 1-0 Before thinking that these are just computer moves, one should
have a look at the following brilliant game displaying similar ideas in more
complicated shape.} fxg5 21. Nc5 Ncb4 22. Nxb7 Rxb7 23. Bxb4 Rxb4 24. Qxd5 Kf8
25. Qxd8+ Bxd8 26. Rc8 Rd7 27. Bc6 {wins material.}) 19. Nxd4 exd4 20. Qb3 $16
{Despite his extra pawn, Black's position is very difficult. His pieces are
exposed, both wings are weak and the d4-pawn is doomed in the long run.
Objectively, there might be reasons to hope for a long defence, but from a
practical point of view things are hopeless. Suggestively, the game lasted
only nine more moves.} Rb8 $6 (20... Bf8 $2 21. Nc5 Bxc5 22. Rxc5 $18) ({
Black's last chance to retain chances for survival was} 20... Qd7 21. Ba5 {
[%csl Gc7,Gd8][%cal Ge4c5]} (21. Rc4 $5) (21. Red1 $5) 21... Rc8 22. Red1 $16
Rxc1 23. Rxc1 Nc3 24. Nxc3 Bxg2 25. Kxg2 dxc3 26. Rxc3 Bd6 {The pinned rook
causes Black major problems of coordination. White will most likely win the
a6-pawn.}) 21. Rb1 {Creating another pin.} Qd7 (21... Rf8 $2 22. Bf4 $18) 22.
Rec1 Qe6 $2 {Just increasing the force of the next knight move by putting the
queen into a pin.} 23. Nc5 Bxc5 24. Rxc5 $18 Rd8 (24... Rd7 25. Bxd5 $18 {
[%csl Gb8]}) 25. Ba5 Rd6 26. Qc4 {[%cal Gb1b7]} Nc3 27. Rxb7 Qe1+ 28. Bf1 Ne2+
29. Qxe2 1-0

[Event "Mondariz zt 1.1"]
[Site "Mondariz"]
[Date "2000.??.??"]
[Round "8"]
[White "Chuchelov, Vladimir"]
[Black "Arlandi, Ennio"]
[Result "1-0"]
[WhiteElo "2535"]
[BlackElo "2435"]
[Annotator "McShane,L"]
[PlyCount "45"]
[EventDate "2000.09.03"]
[EventType "swiss"]
[EventRounds "11"]
[EventCountry "ESP"]
[SourceTitle "CBM 079"]
[Source "ChessBase"]
[SourceDate "2000.11.21"]
[SourceVersion "1"]
[SourceVersionDate "2000.11.21"]
[SourceQuality "1"]

1. Nf3 Nf6 2. g3 d5 3. Bg2 e6 4. O-O Be7 5. d3 c5 6. Nbd2 Nc6 7. e4 {By a
slightly odd move order, the game has transposed into a King's Indian Attack.}
b6 8. Re1 Bb7 9. c3 O-O 10. e5 Nd7 11. Nf1 {The standard manoeuvre here,
winding the spring on the kingside.} b5 12. h4 a5 13. Bf4 Nb6 14. Ng5 $1 {
The plan is all very standard. White attacks with pieces, Black with pawns.
But White knows that he is several tempi up on a 'normal' position.} Qe8 (14...
h6 15. Qh5 $1 hxg5 16. hxg5 {is the point in these positions. White will put
the knight on g4 and bring a rook to the h-file. Black can't prevent this as
an f7-f6 break allows g5-g6.}) 15. Ne3 (15. Qh5 Bxg5 16. hxg5 (16. Bxg5 {
and there is no obvious way to continue the attack.}) 16... f5 $1 {is a
typical motif here. Whether or not the queens are swapped, Black's king is
safe, White's queenside isn't. However, Black has lost too many tempi. White
has time to attack in other ways...}) 15... b4 16. Ng4 Ba6 (16... Kh8 {was
necessary, but White's position is full of possibilities.}) 17. Nf6+ $3 gxf6
18. exf6 Bxf6 19. Qh5 h6 (19... Bxg5 20. Qxg5+ Kh8 21. Qf6+ Kg8 22. Bh6 {
and mates.}) 20. Qxh6 Bxg5 21. Qxg5+ Kh7 22. Qh5+ Kg8 23. Bh6 (23. Bh6 f6 (
23... f5 24. Qg5+) 24. Qg4+ {and mates.}) 1-0

[Event "Olympiad-42"]
[Site "Baku"]
[Date "2016.09.03"]
[Round "2.1"]
[White "Amin, Bassem"]
[Black "Dominguez Perez, Leinier"]
[Result "0-1"]
[WhiteElo "2661"]
[BlackElo "2720"]
[Annotator "Mekhitarian,K"]
[PlyCount "70"]
[EventDate "2016.09.02"]
[EventType "team-swiss"]
[EventRounds "11"]
[EventCountry "AZE"]
[SourceTitle "CBM 175"]
[Source "ChessBase"]
[SourceDate "2016.11.10"]
[SourceVersion "1"]
[SourceVersionDate "2016.11.10"]
[SourceQuality "1"]
[WhiteTeam "Egypt"]
[BlackTeam "Cuba"]
[WhiteTeamCountry "EGY"]
[BlackTeamCountry "CUB"]

1. Nf3 Nf6 2. g3 d5 3. Bg2 e6 4. O-O Be7 5. d3 O-O 6. Nbd2 c5 7. e4 Nc6 8. Re1
b5 {Lenier Dominguez, the #1 rated player in Latin America, and one of the
best in the world, is a very principled player, and always has great opening
ideas. Here he plays a classical line against the King's Indian Attack, and
tries a regrouping that I honestly wasn't familiar with, but has been tried
already in a number of games.} 9. e5 Nd7 10. Nf1 {White will try to create
attacking possibilities, while Black intends to generate counterplay in the
centre or on the queenside. I think every player should be familiar to the
classical Fischer - Myagmarsuren game from the Sousse Interzonal:} Bb7 (10...
b4 11. h4 a5 12. Bf4 a4 13. a3 $1 {stopping Black's expansion} bxa3 14. bxa3
Na5 15. Ne3 Ba6 16. Bh3 d4 17. Nf1 Nb6 18. Ng5 Nd5 19. Bd2 Bxg5 20. Bxg5 Qd7
21. Qh5 Rfc8 22. Nd2 $1 {bringing the knight over to the attack} Nc3 23. Bf6
Qe8 24. Ne4 g6 25. Qg5 Nxe4 26. Rxe4 c4 27. h5 cxd3 28. Rh4 Ra7 29. Bg2 dxc2
30. Qh6 Qf8 31. Qxh7+ $3 {1-0 (31) Fischer,R-Myagmarsuren,L Sousse 1967. A
nice finishing touch.}) 11. h4 Qc7 12. Bf4 Rfc8 13. N1h2 Qd8 {An idea first
tried by the late Ivan Bukavshin, an amazing talent, who unfortunately passed
away in January 2016, at the very young age of 20 years old. He was known for
playing original and sound plans, as we can see from this example. Black wants
to concentrate all his forces on the queenside, meanwhile keeping an eye on
the kingside with the d8-queen.} 14. c3 (14. h5 h6 15. c3 a5 16. Qd2 d4 17. Ng4
dxc3 18. bxc3 Bf8 19. Nfh2 Rab8 20. Be4 b4 21. cxb4 axb4 (21... c4 $1 $36 {
would have been very strong, posing serious problems for White}) 22. Bxh6 gxh6
23. Nxh6+ Bxh6 24. Qxh6 Ncxe5 25. Bh7+ Kh8 26. Bg6+ Kg8 27. Rxe5 Nxe5 28. Bh7+
Kh8 29. Be4+ Kg8 30. Bh7+ {1/2-1/2 (34) Andreikin,D (2723)-Bukavshin,I (2618)
Sochi 2015; and a draw was agreed after repeating moves.}) 14... a5 15. a4 $5 {
White tries to stop Black's queenside expansion, perhaps playing in similar
fashion to the a3-idea mentioned in Fischer's game.} (15. Ng4 $5 a4 16. h5 h6
17. Qd2 Bf8 $13 {was another way to play the position.}) 15... Ba6 16. axb5
Bxb5 17. b3 Nb6 18. Ng5 {Like Fischer, White is threatening Qh5. Black makes a
slight concession by playing ...h6, but on the other hand, gains important
tempi.} h6 19. Nh3 a4 20. bxa4 Nxa4 21. c4 $5 {A very interesting try by the
creative and very strong Egyptian grandmaster.} dxc4 22. Qg4 {Now the
c6-knight may be hanging in some lines.} cxd3 23. Bxh6 Bf8 $6 (23... Qf8 $1 {
and from a scientific point of view, Black holds, but it is not easy to
refrain from the natural 23...Bf8.} 24. Nf4 Nc3 25. Rxa8 Rxa8 26. Nxd3 (26. Nh5
Ra4 $3 {a magical, active defence, forcing White to resign} (26... d2 $2 27.
Bxd2) 27. f4 d2 $19) 26... Bxd3 27. Bxc6 Ra2 28. h5 Bf5 29. Qf3 gxh6 30. Qxc3
Qb8 $17) 24. Nf4 Ne7 $1 {'Non-defensive' moves were extremely dangerous for
Black:} (24... Nc3 $6 25. Bxg7 Bxg7 26. Nh5 Kf8 27. Qxg7+ Ke7 {and once again
there are many ways for White to create strong threats against the black king}
28. Nf3 $5 $40 (28. Ng4 $5 $40)) (24... d2 $6 25. Bxg7 dxe1=Q+ 26. Rxe1 Bxg7
27. Nh5 Kf8 $1 (27... Qf8 $2 28. Nf6+ Kh8 29. Qh5+ Bh6 30. Nhg4 $3 Qg7 {
threatening Qg6} 31. Be4 $3 Nxe5 32. Nxh6 Nf3+ 33. Kh1 Qxf6 34. Ng4+ Kg7 35.
Nxf6 $18) 28. Qxg7+ Ke8 29. Ng4 Qd2 {akklling the d8-c7 escape route, and at
the same time creating counterplay} 30. Ngf6+ Kd8 31. Rb1 $1 Nc3 32. Rxb5 $1
Nxb5 33. Qxf7 $16) 25. Bg5 $2 (25. Be4 $1 {adding more fuel to the attack} d2 (
25... Nf5 $2 26. Bxg7 Bxg7 27. Nh5 Kf8 28. Bxf5 Bh8 29. Bxe6 $1 fxe6 30. Nf3
$40 {with fireworks to come!}) 26. Bxg7 Bxg7 27. Nh5 dxe1=Q+ 28. Rxe1 Ng6 29.
Bxg6 fxg6 30. Qxg6 {and Black can't escape the perpetual check} Qe7 31. Nf6+
Kf8 32. Nh7+ Kg8 33. Nf6+ Kf8 $11) 25... d2 26. Red1 Nc3 $19 {Now White is
losing; too much material will be lost.} 27. Bxa8 Nxd1 28. Rxd1 Rxa8 {
Threatening something like ...Ba4.} 29. Nf3 (29. Nh5 Qd4 $1 30. Bf4 (30. Qxd4
cxd4 31. Rxd2 Nc6 32. Bf4 Ra1+ 33. Kg2 Bb4 $19 {with an easy win, the white
pieces are totally misplaced}) 30... Ng6 $19) 29... Ra1 $1 30. Nxd2 (30. Rxa1
d1=Q+ 31. Rxd1 Qxd1+ 32. Kh2 Bc6 33. Kg2 Nf5 $19 {followed by ...Nd4.}) 30...
Qd4 $1 {With many precise moves, Black has earned the full point in a very
tense battle.} 31. Nb1 Qxe5 32. Kh2 Bc6 33. Nh5 Qe4 34. Qxe4 Bxe4 35. Re1 Bg6
0-1

[Event "Metz op 30th"]
[Site "Metz"]
[Date "2012.04.17"]
[Round "6"]
[White "Vorobiov, Evgeny E"]
[Black "Malakhatko, Vadim"]
[Result "1/2-1/2"]
[WhiteElo "2580"]
[BlackElo "2532"]
[Annotator "Metz Alekhine/Primel,D"]
[PlyCount "29"]
[EventDate "2012.04.14"]
[EventType "swiss"]
[EventRounds "9"]
[EventCountry "FRA"]
[SourceTitle "EXT 2013"]
[Source "ChessBase"]
[SourceDate "2012.11.22"]
[SourceVersion "1"]
[SourceVersionDate "2012.11.22"]
[SourceQuality "1"]

1. e4 e6 2. d3 c5 3. g3 d5 4. Nd2 Bd6 5. Bg2 Ne7 6. f4 (6. Ngf3) (6. Ne2) 6...
O-O (6... Nbc6 7. Nh3 O-O 8. O-O Bc7 9. c3 b5 10. Nf3 b4 11. c4 dxe4 12. dxe4
e5 13. Be3 Qxd1 14. Raxd1 Nd4 15. Nxd4 cxd4 16. Bd2 Nc6 17. Nf2 b3 18. Nd3 Bg4
19. Rde1 bxa2 20. b4 Be6 21. Nb2 Rab8 22. f5 Nxb4 23. Bxb4 Rxb4 24. Nd3 Rb3 25.
fxe6 Rxd3 26. Re2 fxe6 27. Rxa2 Bb6 28. Rb1 Rc3 29. Bh3 Rf6 30. Kg2 d3 31. Rd2
Be3 32. Rdd1 Rf2+ 33. Kh1 Kf7 34. Rf1 Rxf1+ 35. Bxf1 d2 36. Rd1 {Vorobiov,E 
(2584)-Hansen,E (2557) Cappelle la Grande 2013 0-1}) 7. Ne2 Nbc6 8. O-O Bc7 9.
Nf3 $146 (9. a3 dxe4 10. Nxe4 Bb6 11. Kh1 Nd4 12. Be3 Nef5 13. Bg1 Qc7 14. c3
Nxe2 15. Qxe2 Nd6 16. Rad1 Nxe4 17. Qxe4 Rb8 18. d4 c4 19. Qe5 Bd7 20. Qxc7
Bxc7 21. d5 exd5 22. Bxa7 Rbd8 23. Bc5 Rfe8 24. Rxd5 b6 25. Bb4 Ba4 26. Rxd8
Rxd8 27. Re1 g6 28. Kg1 Rd2 29. Bf1 Rxb2 30. Bxc4 b5 31. Bd5 Bb6+ 32. Kh1 Rd2
33. c4 Rxd5 34. cxd5 Bb3 35. Re8+ Kg7 36. Bc3+ f6 37. Bxf6+ {1-0 (37) Votava,J
(2505)-Pedersen,S (2441) Germany 2004}) 9... b6 10. c4 dxe4 11. dxe4 Bb7 12.
Be3 Qxd1 13. Raxd1 Na5 14. Rd7 (14. b3 Bxe4 15. Rd7 $44) 14... Bd8 15. Nd2
1/2-1/2

[Event "Metz op 31th"]
[Site "Metz"]
[Date "2013.04.21"]
[Round "2"]
[White "Dgebuadze, Alexandre"]
[Black "Nguyen, Chi Minh"]
[Result "1-0"]
[WhiteElo "2515"]
[BlackElo "2372"]
[Annotator "Metz Alekhine/Primel,D"]
[PlyCount "44"]
[EventDate "2013.04.20"]
[EventType "swiss"]
[EventRounds "9"]
[EventCountry "FRA"]
[SourceTitle "EXT 2016"]
[Source "ChessBase"]
[SourceDate "2015.10.08"]
[SourceVersion "1"]
[SourceVersionDate "2015.10.08"]
[SourceQuality "1"]
[TimeControl "40/5400:1800+30"]
[WhiteClock "1:30:00"]
[BlackClock "1:30:00"]

1. e4 e6 2. Qe2 c5 3. Nf3 Nc6 4. g3 g6 (4... d5 5. d3) 5. Bg2 Bg7 6. O-O d6 7.
c3 e5 $1 (7... Nge7 8. d3 O-O 9. Nbd2 Rb8 (9... b5 $11) 10. a4) 8. Na3 Nge7 9.
Nc2 {[%cal Gb2b4,Gd2d4]} (9. Rd1) 9... O-O 10. b4 {85} cxb4 {70} 11. cxb4 d5
$11 12. d3 {85 Le GMI est bien préparé} a6 {55} 13. a4 $146 (13. Bb2 d4 {
Bojkov,D (2411)-Krasenkow,M (2573) Kavala op 10th 2001 (5) 0-1}) 13... h6 14.
Be3 d4 15. Bd2 {66} Be6 {37} 16. b5 Na5 17. bxa6 bxa6 18. Bb4 Rc8 19. Rfc1 Qc7
20. Bxe7 {17} Qxe7 {13} 21. Qd2 Qc7 22. Nh4 Rfd8 {suite illisible et gain
Blanc au 35ème coup} 1-0